I've been out there : on the road with legends of rock 'n' roll /

Bibliographic Details
Main Authors: Gaines, Grady (Author), Evans, Rod, 1962- (Author)
Format: Book
Language:English
Published: College Station : Texas A&M University Press, [2015]
Edition:First edition.
Series:John and Robin Dickson series in Texas music.
Subjects:

MARC

Tag First Indicator Second Indicator Subfields
LEADER 00000cam a22000004i 4500
001 in00003441247
005 20151206102843.0
008 140813t20152015txua b 001 0aeng c
010 |a  2014032568 
020 |a 9781623492700 (cloth : alk. paper) 
020 |a 162349270X (cloth : alk. paper) 
020 |a 9781623492717 (ebook) 
020 |a 1623492718 (ebook) 
035 |a (OCoLC)ocn888986115 
040 |a TXA/DLC  |e rda  |c DLC  |d TXA  |d UtOrBLW 
042 |a pcc 
043 |a n-us-tx 
049 |a TXAM 
050 0 0 |a ML419.G235  |b A3 2015 
082 0 0 |a 788.7/166092  |a B  |2 23 
100 1 |a Gaines, Grady,  |e author. 
245 1 0 |a I've been out there :  |b on the road with legends of rock 'n' roll /  |c Grady Gaines with Rod Evans. 
250 |a First edition. 
264 1 |a College Station :  |b Texas A&M University Press,  |c [2015] 
264 4 |c ©2015 
300 |a xvi, 172 pages :  |b illustrations ;  |c 25 cm. 
336 |a text  |b txt  |2 rdacontent 
337 |a unmediated  |b n  |2 rdamedia 
338 |a volume  |b nc  |2 rdacarrier 
490 1 |a John and Robin Dickson series in Texas music 
504 |a Includes bibliographical references and index. 
505 0 |a The rest is history -- Porch music -- "Cut out all that noise!" -- Tearing up them houses -- Down at Peacock Studios -- Like nothin' they'd ever seen -- Dancin' and steppin' -- Road warriors -- Exit stage left -- "Ain't nothin' for a stepper" -- In the studio -- Still blowin'. 
600 1 0 |a Gaines, Grady. 
650 0 |a Saxophonists  |z Texas  |v Biography. 
650 0 |a Rock musicians  |z Texas  |v Biography. 
610 2 0 |a Upsetters (Musical group)  |x History. 
610 2 0 |a Texas Upsetters (Musical group)  |x History. 
700 1 |a Evans, Rod,  |d 1962-  |e author. 
830 0 |a John and Robin Dickson series in Texas music. 
948 |a cataloged  |b h  |c 2015/4/16  |d c  |e dmitchel  |f 11:00:00 am 
994 |a C0  |b TXA 
999 |a MARS 
999 f f |s 86fceb93-e0b8-3373-9b5c-16f7f0db606d  |i 924d7e79-8e15-3ce8-9ded-f32d24dac39e  |t 0 
952 f f |p normal  |a Texas A&M University  |b College Station  |c Sterling C. Evans Library  |d Evans: Library Stacks  |t 0  |e ML419.G235 A3 2015  |h Library of Congress classification  |i unmediated -- volume  |m A14838083526 
998 f f |a ML419.G235 A3 2015  |t 0  |l Evans: Library Stacks